000 004860000a22001690004500
041 0 _aENG
082 0 4 _aG 296.155 B9724m
100 1 _aBurrows, Millar (1889-)
245 1 0 _aMore light on the dead sea scrolls : New scolls and new interpretations / Millar Burrows
260 _aNew York, NY., USA : Viking
300 _axiii, 434 Pag
001 9027
942 _cBK
999 _c39115
_d39115
336 _atexto
_btxt
_2rdacontent
337 _2rdamedia
_asin mediación
_bn
338 _2rdacarrier
_avolumen
_bnc